Statistics for Major airports in Europe by destinations

Click here to take the quiz!

General Stats

  • This quiz has been taken 71 times
  • The average score is 49 of 59

Answer Stats

DestinationsAirport% Correct
173London (Gatwick)
100%
218London (Heathrow)
100%
124London (Luton)
100%
187London (Stansted)
100%
267Paris (Charles de Gaulle)
100%
173Paris (Orly)
100%
193Barcelona
98%
302Frankfurt
98%
148Milan (Bergamo)
98%
175Milan (Malpensa)
98%
212Rome (Fiumicino)
98%
274Amsterdam
97%
160Athens
97%
199Madrid
97%
142Oslo
97%
146Berlin
95%
163Copenhagen
95%
196Dublin
95%
140Lisbon
95%
173Manchester
95%
204Munich
95%
175Brussels
93%
106Moscow (Domodedovo)
93%
149Stockholm (Arlanda)
93%
200Vienna
93%
137Brussels South - Charleroi
92%
312Istanbul
92%
122Prague
92%
130Warsaw
92%
118Helsinki
90%
125Marseille
90%
120Naples
90%
192Zurich
90%
130Budapest
89%
110Hamburg
89%
120Bucharest
87%
150Edinburgh
87%
116Cologne-Bonn
85%
116Lyon
85%
169Düsseldorf
80%
143Geneva
79%
109Stuttgart
79%
117Birmingham
77%
107Venice (Marco Polo)
75%
114Krakow
74%
103Nice
74%
160Palma de Mallorca
72%
114Porto
72%
103Riga
72%
102Belgrade
69%
100Basel - Mulhouse - Freiburg
61%
154Malaga
52%
124Alicante
41%
104Luxembourg
41%
107Tenerife (Reine Sofia)
41%
107Bologna
38%
114Bristol
36%
100Malta
33%
134Gran Canaria
28%

Score Distribution

Percentile by Number Answered

Percent of People with Each Score

Your Score History

You have not taken this quiz